United States in Alphabetical Order - Statistics

General Stats
  • This quiz has been taken 233 times
    195 since last reset
  • The average score is 38 of 50
Answer Stats
Answer % Correct
Alabama
99%
Alaska
98%
Arizona
93%
Arkansas
92%
California
91%
Colorado
86%
Connecticut
85%
Florida
85%
Georgia
85%
Delaware
84%
Hawaii
84%
Idaho
84%
Indiana
84%
Iowa
84%
Illinois
82%
Kansas
82%
Kentucky
81%
Louisiana
80%
Maine
80%
Massachusetts
78%
Maryland
76%
Minnesota
75%
Missouri
75%
New Hampshire
74%
Michigan
73%
Montana
72%
New York
72%
North Carolina
72%
North Dakota
72%
Ohio
72%
Oklahoma
72%
Pennsylvania
72%
South Carolina
72%
South Dakota
72%
Mississippi
71%
Nevada
71%
New Jersey
71%
Oregon
71%
Rhode Island
71%
Utah
71%
New Mexico
70%
Tennessee
70%
Wyoming
70%
Nebraska
68%
Vermont
68%
Texas
67%
West Virginia
67%
Virginia
66%
Wisconsin
65%
Washington
63%
No matching quizzes found
Score Distribution
Percent of People with Each Score
Percentile by Number Answered
Your Score History
You have not taken this quiz since the last reset